Adhunik hindi kavita ki darshnik prishthabhoomi: Bharatendu se lekar San 1965 tak (Record no. 502743)

000 -LEADER
fixed length control field 00416cam a22001217a 4500
008 - FIXED-LENGTH DATA ELEMENTS--GENERAL INFORMATION
fixed length control field 180718b2012 xxu||||| |||| 00| 0 eng d
082 ## - DEWEY DECIMAL CLASSIFICATION NUMBER
Classification number A38 Ag15/H
100 ## - MAIN ENTRY--PERSONAL NAME
Personal name Agrawal, Padamchandra
245 ## - TITLE STATEMENT
Title Adhunik hindi kavita ki darshnik prishthabhoomi: Bharatendu se lekar San 1965 tak
Statement of responsibility, etc. by Padama Chandra Agarwal
260 ## - PUBLICATION, DISTRIBUTION, ETC.
Place of publication, distribution, etc. Ghaziabad
Name of publisher, distributor, etc. Sapeksh
Date of publication, distribution, etc. 2012
300 ## - PHYSICAL DESCRIPTION
Extent 238p.
650 ## - SUBJECT ADDED ENTRY--TOPICAL TERM
Topical term or geographic name entry element Hindi poetry -- History and criticism
Holdings
Withdrawn status Lost status Damaged status Not for loan Permanent Location Current Location Date acquired Full call number Barcode Date last seen Price effective from Koha item type
        Indian Institute of Public Administration Indian Institute of Public Administration 2018-08-04 A38 Ag15/H GR18948 2018-08-04 2018-08-04 GR

Powered by Koha